[Event "5MCR_4D_2L_1S"]
[Site "?"]
[Date "2002.??.??"]
[Round "?"]
[White "Hrdy, Roman"]
[Black "Kuchynka, Lubos"]
[Result "1/2-1/2"]
[WhiteElo "2245"]
[BlackElo "2245"]
[PlyCount "79"]
[EventDate "2002.??.??"]
[EventType "corr"]
[SourceDate "2004.??.??"]

1. e4 e5 2. Nf3 Nc6 3. Bb5 a6 4. Bxc6 dxc6 5. O-O Bg4 6. h3 h5 7. d3 Qf6 8.
Nbd2 Ne7 9. Re1 Ng6 10. d4 Bd6 11. hxg4 hxg4 12. Nh2 Rxh2 13. Qxg4 Qh4 14. Qxh4
Rxh4 15. Nf3 Rh7 16. Be3 exd4 17. Bxd4 O-O-O 18. Rad1 Rdh8 19. g3 f6 20. Kg2 c5
21. Be3 c4 22. Re2 b5 23. c3 Rh5 24. b3 Re8 25. Bd4 cxb3 26. axb3 Kb7 27. b4
Re6 28. Re3 Rh8 29. Rde1 Rhe8 30. Nd2 a5 31. f4 R6e7 32. Nf3 c5 33. bxc5 Bc7
34. e5 fxe5 35. fxe5 a4 36. e6 Nf8 37. Ng5 Kc6 38. Kf3 Kd5 39. Rd1 Kc6 40. Rde1
1/2-1/2

[Event "5MCR_4D_2L_1S"]
[Site "?"]
[Date "2002.??.??"]
[Round "?"]
[White "Hrdy, Roman"]
[Black "Slawinski, Petr"]
[Result "1/2-1/2"]
[WhiteElo "2245"]
[BlackElo "2330"]
[PlyCount "51"]
[EventDate "2002.??.??"]
[EventType "corr"]
[SourceDate "2004.??.??"]

1. e4 d6 2. d4 Nf6 3. Nc3 g6 4. f4 Bg7 5. Nf3 O-O 6. Bd3 Nc6 7. O-O e5 8. fxe5
dxe5 9. d5 Nd4 10. Nxe5 Nxd5 11. exd5 Bxe5 12. Bf4 Bg7 13. Qd2 c6 14. dxc6 Nxc6
15. Kh1 Be6 16. Bh6 Qb6 17. Bxg7 Kxg7 18. Qf4 f6 19. b3 Ne5 20. Be4 Rac8 21.
Na4 Qa5 22. Nb2 Qc3 23. Nd3 b6 24. Qh4 Nxd3 25. Bxd3 Bd5 26. Rae1 1/2-1/2

[Event "5MCR_4D_2L_1S"]
[Site "?"]
[Date "2002.??.??"]
[Round "?"]
[White "Hrdy, Roman"]
[Black "Splichal, Josef"]
[Result "1-0"]
[WhiteElo "2245"]
[BlackElo "2155"]
[PlyCount "109"]
[EventDate "2002.??.??"]
[EventType "corr"]
[SourceDate "2004.??.??"]

1. e4 e5 2. Nf3 Nc6 3. Bb5 a6 4. Ba4 Nf6 5. O-O Be7 6. Re1 b5 7. Bb3 d6 8. c3
O-O 9. h3 Na5 10. Bc2 c5 11. d4 cxd4 12. cxd4 Bb7 13. Nc3 Rc8 14. d5 Qc7 15.
Re2 Nd7 16. a4 b4 17. Na2 b3 18. Bxb3 Nxb3 19. Qxb3 Nc5 20. Qd1 Qd7 21. Nc3 a5
22. Be3 Ba6 23. Rc2 f5 24. Bxc5 Rxc5 25. Rac1 Rb8 26. Nd2 Rb4 27. Nb5 Bxb5 28.
Rxc5 dxc5 29. axb5 Rd4 30. b6 fxe4 31. d6 Bxd6 32. Qb3+ Kh8 33. Nc4 a4 34. Qc2
Bb8 35. Ra1 Qb5 36. Rxa4 Qc6 37. b3 Rd8 38. b4 cxb4 39. Rxb4 e3 40. Nxe3 Qxc2
41. Nxc2 Rd1+ 42. Kh2 Rd2 43. Rc4 e4+ 44. g3 Rxf2+ 45. Kg1 Rf8 46. Kg2 g5 47.
Rxe4 h5 48. Nd4 Bd6 49. Re6 Bc5 50. Nb3 Bf2 51. b7 Kg7 52. Re5 Kg6 53. Nd2 Bd4
54. Nf3 Bxe5 55. Nxe5+ 1-0

[Event "5MCR_4D_2L_1S"]
[Site "?"]
[Date "2002.??.??"]
[Round "?"]
[White "Hrdy, Roman"]
[Black "Vlcek, Vladimir"]
[Result "0-1"]
[WhiteElo "2245"]
[BlackElo "2340"]
[PlyCount "104"]
[EventDate "2002.??.??"]
[EventType "corr"]
[SourceDate "2004.??.??"]

1. e4 e5 2. Nf3 Nc6 3. Bb5 a6 4. Ba4 Nf6 5. O-O Nxe4 6. d4 b5 7. Bb3 d5 8. dxe5
Be6 9. c3 Bc5 10. Nbd2 O-O 11. Bc2 Bf5 12. Nb3 Bb6 13. Nfd4 Bxd4 14. cxd4 a5
15. Be3 a4 16. Nd2 a3 17. Nxe4 axb2 18. Rb1 Bxe4 19. Rxb2 Qd7 20. Bd3 Bxd3 21.
Qxd3 Rfb8 22. Rfb1 b4 23. h3 Rb6 24. Qc2 Rab8 25. Rc1 R8b7 26. a3 b3 27. Qc5
Nd8 28. Rcb1 Ne6 29. Qa5 Rb5 30. Qa8+ Nf8 31. Qa6 Qe8 32. Rc1 Ne6 33. Rc6 h6
34. f4 R5b6 35. Rxb6 Rxb6 36. Qa5 Qc6 37. Qd2 Qa4 38. f5 Nf8 39. f6 Qxa3 40.
fxg7 Ne6 41. Bxh6 Qb4 42. Qxb4 Rxb4 43. Be3 Kxg7 44. Kf2 Nxd4 45. Bxd4 Rxd4 46.
Rxb3 c5 47. Rb7 Kg6 48. g4 c4 49. Rc7 Rd2+ 50. Kg3 Rd3+ 51. Kh4 c3 52. Rc6+ Kg7
0-1

[Event "5MCR_4D_2L_1S"]
[Site "?"]
[Date "2002.??.??"]
[Round "?"]
[White "Kropik, Jan"]
[Black "Boleslav, Petr"]
[Result "0-1"]
[WhiteElo "2120"]
[BlackElo "1735"]
[PlyCount "98"]
[EventDate "2002.??.??"]
[EventType "corr"]
[SourceDate "2004.??.??"]

1. e4 c5 2. Nf3 d6 3. d4 cxd4 4. Nxd4 Nf6 5. Nc3 a6 6. Bg5 e6 7. f4 Qb6 8. Nb3
Be7 9. Qf3 Nbd7 10. O-O-O Qc7 11. Bd3 b5 12. Rhe1 b4 13. Ne2 Bb7 14. Ned4 O-O
15. Qh3 Rfe8 16. g4 Nf8 17. Kb1 Rac8 18. Bxf6 Bxf6 19. Nf3 a5 20. g5 Bxb2 21.
Kxb2 a4 22. Nbd4 Qc3+ 23. Kc1 b3 24. Nb5 bxa2 25. Nxc3 a1=Q+ 26. Nb1 a3 27. Kd2
a2 28. Ke2 Ng6 29. Qg3 axb1=Q 30. Rxb1 Qa7 31. Kf1 Ba6 32. Ra1 Bxd3+ 33. cxd3
Qb6 34. f5 exf5 35. exf5 Ne7 36. Rab1 Qc5 37. Rbc1 Qxc1 38. Rxc1 Rxc1+ 39. Kg2
Rc2+ 40. Kh3 Nxf5 41. Qf4 g6 42. Qa4 Rce2 43. Kg4 h5+ 44. gxh6 Nxh6+ 45. Kg5
Nf5 46. h4 Rg2+ 47. Kf4 Re3 48. Qa8+ Kg7 49. Qa7 Rf2 0-1

[Event "5MCR_4D_2L_1S"]
[Site "?"]
[Date "2002.??.??"]
[Round "?"]
[White "Kropik, Jan"]
[Black "Gubas, Jan"]
[Result "1/2-1/2"]
[WhiteElo "2120"]
[BlackElo "2260"]
[PlyCount "48"]
[EventDate "2002.??.??"]
[EventType "corr"]
[SourceDate "2004.??.??"]

1. e4 e6 2. d4 d5 3. Bd3 dxe4 4. Bxe4 Nf6 5. Bf3 c5 6. Ne2 Nc6 7. c3 Be7 8. O-O
O-O 9. Be3 cxd4 10. Nxd4 Qc7 11. Nxc6 bxc6 12. Nd2 Rb8 13. Nb3 c5 14. c4 a5 15.
Qc2 a4 16. Nd2 Nd7 17. Qxa4 Rxb2 18. Rab1 Rxb1 19. Nxb1 Ne5 20. Be2 Bb7 21. Nc3
Ra8 22. Qb3 Ng6 23. Rb1 Bc6 24. Qb6 Qc8 1/2-1/2

[Event "5MCR_4D_2L_1S"]
[Site "?"]
[Date "2002.??.??"]
[Round "?"]
[White "Kropik, Jan"]
[Black "Kuchynka, Lubos"]
[Result "0-1"]
[WhiteElo "2120"]
[BlackElo "2245"]
[PlyCount "86"]
[EventDate "2002.??.??"]
[EventType "corr"]
[SourceDate "2004.??.??"]

1. e4 e5 2. Nf3 Nc6 3. Bb5 a6 4. Ba4 Nf6 5. O-O Be7 6. Re1 b5 7. Bb3 d6 8. h3
Na5 9. d4 exd4 10. e5 dxe5 11. Nxe5 O-O 12. Bd2 b4 13. Bg5 c5 14. Bxf6 Bxf6 15.
Nxf7 Rxf7 16. Bxf7+ Kxf7 17. Qh5+ g6 18. Qxh7+ Bg7 19. Nd2 Bf5 20. Nf3 Qh8 21.
Ne5+ Kf6 22. Qxh8 Rxh8 23. Nd3 Rc8 24. b3 Nc6 25. Nxc5 Bxc2 26. Rac1 d3 27.
Re6+ Kf7 28. Nxd3 Kxe6 29. Rxc2 a5 30. Rc4 Kd6 31. Kf1 Bd4 32. Nf4 Rf8 33. Nd3
Kd5 34. f3 g5 35. Nf2 Bxf2 36. Kxf2 Nd4 37. Ke3 Re8+ 38. Kd2 Re5 39. Rc8 Ne2
40. Ra8 Kc6 41. Kd3 Nf4+ 42. Kd4 Rd5+ 43. Ke4 Nxg2 0-1

[Event "5MCR_4D_2L_1S"]
[Site "?"]
[Date "2002.??.??"]
[Round "?"]
[White "Kropik, Jan"]
[Black "Pecka, Josef"]
[Result "0-1"]
[WhiteElo "2120"]
[BlackElo "2210"]
[PlyCount "70"]
[EventDate "2002.??.??"]
[EventType "corr"]
[SourceDate "2004.??.??"]

1. e4 e6 2. d4 d5 3. Bd3 c5 4. exd5 Qxd5 5. Nf3 cxd4 6. O-O Bc5 7. Nbd2 Nf6 8.
Bc4 Qd6 9. Nb3 Nc6 10. Bg5 e5 11. Bxf6 gxf6 12. Nfd2 Bb6 13. Ne4 Qe7 14. Qh5
Be6 15. Bxe6 Qxe6 16. Qf3 f5 17. Qxf5 Qxf5 18. Nd6+ Ke7 19. Nxf5+ Ke6 20. Ng3
Rac8 21. c3 f5 22. Rad1 Rhd8 23. cxd4 Nxd4 24. Nxd4+ Rxd4 25. Rde1 Rd2 26. Re2
Rxe2 27. Nxe2 Rc2 28. Nc3 Bd4 29. Nd1 Bxb2 30. Nxb2 Rxb2 31. Ra1 b5 32. a3 e4
33. g3 a5 34. h4 Kd5 35. Rd1+ Kc4 0-1

[Event "5MCR_4D_2L_1S"]
[Site "?"]
[Date "2002.??.??"]
[Round "?"]
[White "Kropik, Jan"]
[Black "Splichal, Josef"]
[Result "0-1"]
[WhiteElo "2120"]
[BlackElo "2155"]
[PlyCount "102"]
[EventDate "2002.??.??"]
[EventType "corr"]
[SourceDate "2004.??.??"]

1. e4 e5 2. Nf3 Nc6 3. Bb5 a6 4. Ba4 Nf6 5. O-O Be7 6. Re1 b5 7. Bb3 d6 8. c3
O-O 9. d4 Bg4 10. d5 Na5 11. Bc2 c5 12. h3 Bh5 13. Nbd2 h6 14. Nf1 Bg6 15. Ng3
Bh7 16. b4 cxb4 17. cxb4 Nc4 18. Nd2 Qc7 19. Bb3 a5 20. bxa5 Nxa5 21. Ba3 Qb6
22. Bb4 Qd4 23. a3 Rfc8 24. Ba2 Nb7 25. Qe2 Qb6 26. Rac1 Nc5 27. Kh2 Nfd7 28.
Nf3 Rc7 29. Rc3 Rac8 30. Rec1 Bd8 31. R1c2 Qa6 32. Nd2 Nb6 33. Rc1 Bg5 34. Ngf1
Nba4 35. R3c2 f5 36. f3 fxe4 37. fxe4 Bg6 38. Qg4 Rf7 39. Ng3 Kh7 40. Bb1 Bf4
41. h4 Rcf8 42. Re1 Rf6 43. h5 Be8 44. Kh1 Nd3 45. Rf1 Bxd2 46. Rxf6 Rxf6 47.
Rxd2 Rf4 48. Qh3 Nxb4 49. axb4 Nc3 50. Bd3 Qa1+ 51. Kh2 Bd7 0-1

[Event "5MCR_4D_2L_1S"]
[Site "?"]
[Date "2002.??.??"]
[Round "?"]
[White "Kropik, Jan"]
[Black "Vlcek, Vladimir"]
[Result "1/2-1/2"]
[WhiteElo "2120"]
[BlackElo "2340"]
[PlyCount "85"]
[EventDate "2002.??.??"]
[EventType "corr"]
[SourceDate "2004.??.??"]

1. e4 e5 2. Nf3 Nc6 3. Bb5 a6 4. Ba4 Nf6 5. O-O Nxe4 6. d4 b5 7. Bb3 d5 8. dxe5
Be6 9. Nbd2 Nc5 10. c3 d4 11. Bxe6 Nxe6 12. cxd4 Ncxd4 13. Ne4 Be7 14. Be3 Nf5
15. Qc2 O-O 16. Rad1 Nxe3 17. fxe3 Qc8 18. h3 c5 19. Nh2 Qc7 20. Ng4 c4 21. Nd6
Rad8 22. Rd5 Bg5 23. Qf5 Rd7 24. Kh1 Qc6 25. Rd2 h6 26. a4 b4 27. Nxc4 Rxd2 28.
Nxd2 Qxa4 29. Ne4 Qa5 30. Nd6 Qc7 31. Qd3 a5 32. Qa6 Bd8 33. Qd3 Qc5 34. Qb3
Be7 35. Rxf7 Rxf7 36. Qxe6 Bxd6 37. exd6 Qf5 38. Qe8+ Kh7 39. Ne5 Rf6 40. d7
Rd6 41. d8=Q Rxd8 42. Qxd8 Qxe5 43. Qd3+ 1/2-1/2

[Event "5MCR_4D_2L_1S"]
[Site "?"]
[Date "2002.??.??"]
[Round "?"]
[White "Kuchynka, Lubos"]
[Black "Boleslav, Petr"]
[Result "0-1"]
[WhiteElo "2245"]
[BlackElo "1735"]
[PlyCount "60"]
[EventDate "2002.??.??"]
[EventType "corr"]
[SourceDate "2004.??.??"]

1. e4 c5 2. Nf3 d6 3. d4 cxd4 4. Nxd4 Nf6 5. Nc3 a6 6. Bg5 e6 7. f4 Qb6 8. Qd2
Qxb2 9. Nb3 Qa3 10. Bxf6 gxf6 11. Be2 Nc6 12. O-O Bd7 13. Rf3 Be7 14. Kh1 h5
15. Nb1 Qb4 16. Nc3 h4 17. a4 Bd8 18. Rb1 Bc7 19. Rd3 O-O-O 20. Nd4 Qc5 21. Nb3
Qa7 22. Bf3 Kb8 23. Ne2 h3 24. g3 e5 25. f5 Qf2 26. Qc3 Rc8 27. Qb2 Nb4 28. Nd2
a5 29. Qb3 Rhd8 30. Rc3 Bb6 0-1

[Event "5MCR_4D_2L_1S"]
[Site "?"]
[Date "2002.??.??"]
[Round "?"]
[White "Kuchynka, Lubos"]
[Black "Doudera, Lubomir"]
[Result "0-1"]
[WhiteElo "2245"]
[BlackElo "2255"]
[PlyCount "97"]
[EventDate "2002.??.??"]
[EventType "corr"]
[SourceDate "2004.??.??"]

1. d4 d5 2. c4 c6 3. cxd5 cxd5 4. Nc3 Nf6 5. Nf3 Nc6 6. Bf4 Ne4 7. Nxe4 dxe4 8.
Ne5 Nxe5 9. Bxe5 f6 10. Bf4 Qb6 11. Bc1 Qb4+ 12. Bd2 Qxb2 13. e3 Bg4 14. Qb1
Qxb1+ 15. Rxb1 b6 16. Ba6 Bc8 17. Bb5+ Bd7 18. Ba6 f5 19. Ke2 e6 20. Rhc1 Ba3
21. Rc2 O-O 22. Bb4 Bxb4 23. Rxb4 Bc8 24. Bb5 Bb7 25. Rbc4 Bd5 26. Rc7 Rf7 27.
a3 a6 28. Rxf7 Kxf7 29. Rc7+ Kf6 30. Bc6 Rd8 31. h4 Bc4+ 32. Kd2 b5 33. Kc3 e5
34. g4 fxg4 35. Bxe4 exd4+ 36. exd4 Rd6 37. Rc5 g6 38. Rc8 Be6 39. Ra8 h5 40.
Rf8+ Kg7 41. Ra8 Bd5 42. Ra7+ Kh6 43. Bxd5 Rxd5 44. Rxa6 Rf5 45. Re6 Rxf2 46.
d5 g3 47. Re1 g5 48. d6 Rf3+ 49. Kd4 0-1

[Event "5MCR_4D_2L_1S"]
[Site "?"]
[Date "2002.??.??"]
[Round "?"]
[White "Kuchynka, Lubos"]
[Black "Gubas, Jan"]
[Result "1/2-1/2"]
[WhiteElo "2245"]
[BlackElo "2260"]
[PlyCount "46"]
[EventDate "2002.??.??"]
[EventType "corr"]
[SourceDate "2004.??.??"]

1. d4 d5 2. c4 c6 3. cxd5 cxd5 4. Nc3 Nf6 5. Nf3 Nc6 6. Bf4 a6 7. Ne5 Qb6 8.
Nxc6 bxc6 9. Qd2 Bf5 10. Na4 Qb5 11. Nc5 Ne4 12. Nxe4 Bxe4 13. a3 e6 14. f3 Bg6
15. e3 Qb6 16. Be2 c5 17. dxc5 Bxc5 18. b4 Be7 19. Rc1 O-O 20. Be5 f6 21. Bd4
Qb7 22. O-O Rfc8 23. e4 Be8 1/2-1/2

[Event "5MCR_4D_2L_1S"]
[Site "?"]
[Date "2002.??.??"]
[Round "?"]
[White "Kuchynka, Lubos"]
[Black "Paganik, Pavel"]
[Result "1/2-1/2"]
[WhiteElo "2245"]
[BlackElo "2015"]
[PlyCount "60"]
[EventDate "2002.??.??"]
[EventType "corr"]
[SourceDate "2004.??.??"]

1. e4 c5 2. Nf3 d6 3. d4 cxd4 4. Nxd4 Nf6 5. Nc3 a6 6. Bg5 e6 7. f4 Qb6 8. Qd2
Qxb2 9. Rb1 Qa3 10. f5 Nc6 11. fxe6 fxe6 12. Nxc6 bxc6 13. e5 dxe5 14. Bxf6
gxf6 15. Ne4 Be7 16. Be2 h5 17. Rb3 Qa4 18. Nxf6+ Bxf6 19. c4 Ra7 20. O-O Rf7
21. Qd6 c5 22. Rb8 Qd7 23. Qxc5 Bd8 24. Rxc8 Rxf1+ 25. Kxf1 Rf8+ 26. Kg1 Rf5
27. Ra8 Qd2 28. h3 Kf7 29. Bf3 h4 30. Qc8 Qe1+ 1/2-1/2

[Event "5MCR_4D_2L_1S"]
[Site "?"]
[Date "2002.??.??"]
[Round "?"]
[White "Kuchynka, Lubos"]
[Black "Pecka, Josef"]
[Result "0-1"]
[WhiteElo "2245"]
[BlackElo "2210"]
[PlyCount "88"]
[EventDate "2002.??.??"]
[EventType "corr"]
[SourceDate "2004.??.??"]

1. e4 e5 2. Nc3 Nf6 3. Bc4 Nc6 4. d3 Na5 5. Nge2 c6 6. a3 Nxc4 7. dxc4 d6 8.
Qd3 Be7 9. O-O O-O 10. Ng3 Qc7 11. Bg5 Rd8 12. Rad1 Bg4 13. f3 Be6 14. Kh1 Nh5
15. Nxh5 Bxg5 16. f4 exf4 17. Qd4 f6 18. Nxf4 Bxf4 19. Rxf4 Qb6 20. b3 Qa5 21.
a4 Rd7 22. Ne2 Re8 23. Qf2 Qg5 24. Rd3 Qc5 25. Qg3 Qe5 26. Rdf3 d5 27. cxd5
Bxd5 28. exd5 Qxe2 29. Rxf6 cxd5 30. Rf1 Qxc2 31. Re6 Red8 32. Qe3 Qc8 33. Rc1
d4 34. Qe1 Qb8 35. Qd2 d3 36. Re3 Qd6 37. Rce1 h6 38. Rd1 Qd5 39. b4 Rc7 40.
Rg3 Qd6 41. b5 Rc2 42. Qe3 Re2 43. Qg1 d2 44. Re3 Re8 0-1

[Event "5MCR_4D_2L_1S"]
[Site "?"]
[Date "2002.??.??"]
[Round "?"]
[White "Kuchynka, Lubos"]
[Black "Vosahlik, Jiri"]
[Result "0-1"]
[WhiteElo "2245"]
[BlackElo "2320"]
[PlyCount "57"]
[EventDate "2002.??.??"]
[EventType "corr"]
[SourceDate "2004.??.??"]

1. d4 Nf6 2. c4 e6 3. Nc3 Bb4 4. Qc2 O-O 5. a3 Bxc3+ 6. Qxc3 b6 7. Bg5 Bb7 8.
e3 d6 9. f3 Nbd7 10. Bd3 c5 11. Ne2 Rc8 12. O-O h6 13. Bh4 Ba6 14. d5 exd5 15.
cxd5 Bxd3 16. Qxd3 Ne5 17. Qd1 Ng6 18. Bf2 Nd7 19. Rc1 Nde5 20. b3 f5 21. Qd2
Qf6 22. Rc2 a6 23. Rfc1 Rfe8 24. Bg3 b5 25. Nd4 Nd7 26. Ne6 Ndf8 27. Nxf8 Qxf8
28. Qa5 Ra8 29. b4 0-1

[Event "5MCR_4D_2L_1S"]
[Site "?"]
[Date "2002.??.??"]
[Round "?"]
[White "Paganik, Pavel"]
[Black "Barta, Tomas"]
[Result "1-0"]
[WhiteElo "2015"]
[BlackElo "1835"]
[PlyCount "103"]
[EventDate "2002.??.??"]
[EventType "corr"]
[SourceDate "2004.??.??"]

1. e4 c5 2. Nf3 Nc6 3. d4 cxd4 4. Nxd4 Nf6 5. Nc3 e5 6. Ndb5 d6 7. Bg5 a6 8.
Na3 b5 9. Bxf6 gxf6 10. Nd5 f5 11. c3 Bg7 12. exf5 Bxf5 13. Nc2 Be6 14. Nce3
Ne7 15. g3 Nxd5 16. Nxd5 O-O 17. Bg2 Rb8 18. O-O Qd7 19. Qd2 f5 20. Nb4 a5 21.
Nc6 Rb6 22. Nxa5 Ra6 23. Nb3 e4 24. Rfd1 Rfa8 25. Nd4 Bxd4 26. cxd4 Rxa2 27.
Rxa2 Rxa2 28. d5 Bf7 29. Qg5+ Kf8 30. Bh3 Bg6 31. Qf6+ Kg8 32. Rc1 Ra8 33. Rc6
Qd8 34. Qe6+ Bf7 35. Qxf5 Qe7 36. b4 e3 37. Rc8+ Rxc8 38. Qxc8+ Kg7 39. Qc3+
Qf6 40. Qxf6+ Kxf6 41. fxe3 Bxd5 42. Bf1 Bc6 43. Kf2 Ke5 44. Bd3 h6 45. g4 Bd7
46. Kg3 d5 47. Kh4 Be8 48. g5 hxg5+ 49. Kxg5 d4 50. exd4+ Kxd4 51. Bg6 Bc6 52.
Kf4 1-0

[Event "5MCR_4D_2L_1S"]
[Site "?"]
[Date "2002.??.??"]
[Round "?"]
[White "Paganik, Pavel"]
[Black "Doudera, Lubomir"]
[Result "0-1"]
[WhiteElo "2015"]
[BlackElo "2255"]
[PlyCount "44"]
[EventDate "2002.??.??"]
[EventType "corr"]
[SourceDate "2004.??.??"]

1. e4 d5 2. exd5 Qxd5 3. Nc3 Qa5 4. d4 Nf6 5. Nf3 Bg4 6. h3 Bh5 7. Bd2 e6 8.
Bc4 Bb4 9. g4 Bg6 10. Ne5 Qb6 11. g5 Ne4 12. Nxg6 Bxc3 13. bxc3 hxg6 14. Rg1
Nd6 15. Rb1 Qa5 16. Qf3 Nxc4 17. Qxb7 Qd5 18. Qxb8+ Rxb8 19. Rxb8+ Ke7 20. Rxh8
Qe4+ 21. Kd1 Qf3+ 22. Kc1 Nxd2 0-1

[Event "5MCR_4D_2L_1S"]
[Site "?"]
[Date "2002.??.??"]
[Round "?"]
[White "Paganik, Pavel"]
[Black "Hrdy, Roman"]
[Result "1-0"]
[WhiteElo "2015"]
[BlackElo "2245"]
[PlyCount "93"]
[EventDate "2002.??.??"]
[EventType "corr"]
[SourceDate "2004.??.??"]

1. e4 c5 2. Nf3 d6 3. d4 cxd4 4. Nxd4 Nf6 5. Nc3 a6 6. Bg5 e6 7. f4 Be7 8. Qf3
Qc7 9. O-O-O Nbd7 10. g4 b5 11. Bxf6 Nxf6 12. g5 Nd7 13. f5 Bxg5+ 14. Kb1 Ne5
15. Qh5 Qd8 16. Rg1 Bf6 17. fxe6 g6 18. exf7+ Kxf7 19. Qh6 Bg4 20. Rxg4 Nxg4
21. Qf4 Ne5 22. Nd5 Re8 23. Bh3 Kg7 24. Ne6+ Rxe6 25. Bxe6 Qf8 26. Qf2 Re8 27.
Qa7+ Kh6 28. Qe3+ Kg7 29. Nxf6 Qxf6 30. Bd5 Nc4 31. Bxc4 bxc4 32. a4 h5 33. Rd4
Rc8 34. Rd5 Rc6 35. Ka2 h4 36. c3 Qe6 37. Rd2 Qe8 38. Qd4+ Kg8 39. Qd5+ Kh7 40.
Ka3 Kh6 41. Rg2 Rc5 42. Qd2+ Kh5 43. Qxd6 Rg5 44. Rxg5+ Kxg5 45. e5 Kf5 46.
Qf6+ Kg4 47. Kb4 1-0

[Event "5MCR_4D_2L_1S"]
[Site "?"]
[Date "2002.??.??"]
[Round "?"]
[White "Paganik, Pavel"]
[Black "Kropik, Jan"]
[Result "1/2-1/2"]
[WhiteElo "2015"]
[BlackElo "2120"]
[PlyCount "86"]
[EventDate "2002.??.??"]
[EventType "corr"]
[SourceDate "2004.??.??"]

1. e4 c5 2. Nf3 d6 3. d4 cxd4 4. Nxd4 Nf6 5. Nc3 a6 6. Bg5 e6 7. f4 Be7 8. Qf3
Qc7 9. O-O-O Nbd7 10. g4 b5 11. Bxf6 Nxf6 12. g5 Nd7 13. f5 Bxg5+ 14. Kb1 Ne5
15. Qh5 Qe7 16. Nxe6 Bxe6 17. fxe6 g6 18. exf7+ Kxf7 19. Qe2 Kg7 20. a4 Ra7 21.
Nd5 Qd8 22. Qf2 Rf7 23. Qd4 Rhf8 24. axb5 axb5 25. Bxb5 Qa5 26. c4 h5 27. Qb6
Qxb6 28. Nxb6 Rf2 29. Rxd6 R8f4 30. Na4 Rxe4 31. Nc3 Rh4 32. Rd5 Nf3 33. h3 Bf6
34. Nd1 Rd2 35. Kc1 Rg2 36. Rd7+ Kh6 37. Rd3 Bg5+ 38. Kb1 Nd2+ 39. Ka2 Nxc4 40.
Rf1 Bc1 41. Bxc4 Rxc4 42. Rff3 g5 43. Rd6+ Kg7 1/2-1/2

[Event "5MCR_4D_2L_1S"]
[Site "?"]
[Date "2002.??.??"]
[Round "?"]
[White "Paganik, Pavel"]
[Black "Slawinski, Petr"]
[Result "1/2-1/2"]
[WhiteElo "2015"]
[BlackElo "2330"]
[PlyCount "94"]
[EventDate "2002.??.??"]
[EventType "corr"]
[SourceDate "2004.??.??"]

1. e4 d6 2. d4 Nf6 3. Nc3 g6 4. Nf3 Bg7 5. Be2 O-O 6. O-O c6 7. a4 b6 8. Bg5
Qc7 9. Qd2 Nbd7 10. Rfe1 Re8 11. Rad1 a6 12. Bf1 e5 13. dxe5 dxe5 14. Bh6 b5
15. Bxg7 Kxg7 16. Qe3 Qa7 17. Rd6 Qxe3 18. Rxe3 Bb7 19. Nd2 Nc5 20. b4 Ne6 21.
Nb3 Rad8 22. Red3 Rxd6 23. Rxd6 Re7 24. f3 Rd7 25. Rxd7 Nxd7 26. Kf2 Bc8 27.
Ke3 f6 28. g3 Kf7 29. a5 c5 30. Nd5 c4 31. Nd2 Bb7 32. Bh3 f5 33. exf5 gxf5 34.
Nb6 Nxb6 35. axb6 Kf6 36. f4 exf4+ 37. gxf4 Nf8 38. Nf1 Nd7 39. Ng3 Nxb6 40.
Bxf5 Nd5+ 41. Kd4 Nxf4 42. Bxh7 Ne6+ 43. Ke3 Ke5 44. c3 Nc7 45. Be4 Bxe4 46.
Nxe4 Nd5+ 47. Kf3 Ke6 1/2-1/2

[Event "5MCR_4D_2L_1S"]
[Site "?"]
[Date "2002.??.??"]
[Round "?"]
[White "Paganik, Pavel"]
[Black "Vosahlik, Jiri"]
[Result "0-1"]
[WhiteElo "2015"]
[BlackElo "2320"]
[PlyCount "84"]
[EventDate "2002.??.??"]
[EventType "corr"]
[SourceDate "2004.??.??"]

1. e4 e6 2. d4 d5 3. e5 c5 4. c3 Nc6 5. Nf3 Bd7 6. Bd3 cxd4 7. cxd4 Qb6 8. O-O
Nxd4 9. Nxd4 Qxd4 10. Nc3 a6 11. Qe2 Ne7 12. Kh1 Nc6 13. f4 Nb4 14. Rd1 Bc5 15.
Bxa6 Qf2 16. Qxf2 Bxf2 17. Be2 Bc6 18. a3 Nc2 19. Ra2 Nd4 20. Rf1 Nxe2 21. Nxe2
Bc5 22. b3 Bb5 23. Rd1 Bxe2 24. Rxe2 Kd7 25. b4 Ba7 26. Be3 h5 27. Kg1 Rhc8 28.
Rd3 Rc4 29. g3 Kc6 30. Bxa7 Rxa7 31. Kf2 Kb5 32. h3 Ka4 33. Kf3 b5 34. g4 hxg4+
35. Kxg4 Rac7 36. Ree3 Rc1 37. h4 R7c2 38. h5 Rf2 39. Rc3 Rg1+ 40. Rg3 Rgf1 41.
Kh3 Rxf4 42. Rc5 R1f3 0-1

[Event "5MCR_4D_2L_1S"]
[Site "?"]
[Date "2002.??.??"]
[Round "?"]
[White "Pecka, Josef"]
[Black "Barta, Tomas"]
[Result "1/2-1/2"]
[WhiteElo "2210"]
[BlackElo "1835"]
[PlyCount "85"]
[EventDate "2002.??.??"]
[EventType "corr"]
[SourceDate "2004.??.??"]

1. e4 c5 2. Nf3 Nc6 3. d4 cxd4 4. Nxd4 Nf6 5. Nc3 e5 6. Ndb5 d6 7. Bg5 a6 8.
Na3 b5 9. Nd5 Be7 10. Bxf6 Bxf6 11. c4 b4 12. Nc2 O-O 13. Be2 Bg5 14. Qd3 Be6
15. O-O Rb8 16. Rad1 Qa5 17. Qb3 Rfc8 18. h3 Qd8 19. Qg3 Rb7 20. Rd3 Nb8 21. b3
Nd7 22. Rdd1 a5 23. Nce3 Nc5 24. Bd3 a4 25. Bc2 Ra8 26. f4 Bxd5 27. Nxd5 exf4
28. Qf3 axb3 29. axb3 Ra2 30. Rf2 Qa5 31. Nxf4 Qa7 32. Nd5 Ne6 33. Kf1 Ra1 34.
g3 Nd4 35. Qg4 Rxd1+ 36. Bxd1 Ne6 37. Qe2 Bd8 38. Kg2 Bb6 39. Nxb6 Qxb6 40. Qd3
Ra7 41. Rd2 Ra6 42. Qd5 Qe3 43. Rf2 1/2-1/2

[Event "5MCR_4D_2L_1S"]
[Site "?"]
[Date "2002.??.??"]
[Round "?"]
[White "Pecka, Josef"]
[Black "Doudera, Lubomir"]
[Result "1/2-1/2"]
[WhiteElo "2210"]
[BlackElo "2255"]
[PlyCount "101"]
[EventDate "2002.??.??"]
[EventType "corr"]
[SourceDate "2004.??.??"]

1. e4 d5 2. exd5 Qxd5 3. Nc3 Qa5 4. d4 Nf6 5. Nf3 Bg4 6. h3 Bh5 7. Bd2 e6 8.
Bc4 Bb4 9. a3 Bxc3 10. Bxc3 Qf5 11. Be2 Qd5 12. O-O Nc6 13. Re1 O-O 14. Qd2 Ne4
15. Qf4 Nxc3 16. bxc3 Qd6 17. Qh4 Bg6 18. Bd3 Ne7 19. Ng5 Nf5 20. Qg4 Rad8 21.
Ne4 Qe7 22. a4 Rd5 23. a5 Nd6 24. Nc5 b6 25. Qf3 Rg5 26. Nb3 Qd7 27. Re5 Nf5
28. Qb7 f6 29. axb6 axb6 30. Ree1 Nd6 31. Qf3 Bxd3 32. cxd3 Nb5 33. Rec1 Rf5
34. Qe4 e5 35. Ra8 c6 36. Rxf8+ Kxf8 37. dxe5 Rxe5 38. Qf3 Re8 39. c4 Nc7 40.
d4 Kg8 41. Rd1 Qe6 42. Qg3 Re7 43. Rc1 Kf7 44. Nd2 Qd7 45. Nf3 b5 46. Qf4 Ne6
47. Qd2 bxc4 48. Rxc4 Qd5 49. Qc3 Rc7 50. Qc2 g6 51. Qa4 1/2-1/2

[Event "5MCR_4D_2L_1S"]
[Site "?"]
[Date "2002.??.??"]
[Round "?"]
[White "Pecka, Josef"]
[Black "Hrdy, Roman"]
[Result "1/2-1/2"]
[WhiteElo "2210"]
[BlackElo "2245"]
[PlyCount "82"]
[EventDate "2002.??.??"]
[EventType "corr"]
[SourceDate "2004.??.??"]

1. e4 c5 2. Nf3 d6 3. d4 cxd4 4. Nxd4 Nf6 5. Nc3 a6 6. Bg5 e6 7. f4 Be7 8. Qf3
Qc7 9. O-O-O Nbd7 10. Bd3 h6 11. Qh3 Nb6 12. Rhe1 e5 13. Nf5 Bxf5 14. exf5
O-O-O 15. Bh4 exf4 16. Bf2 Rhe8 17. Bxb6 Qxb6 18. Bc4 d5 19. Bxd5 Bb4 20. Rxe8
Rxe8 21. Qd3 Qe3+ 22. Qxe3 fxe3 23. Bxf7 Bxc3 24. bxc3 Re5 25. Re1 Kd7 26. Kd1
Kd6 27. c4 Rxf5 28. Rxe3 Ng4 29. Rf3 Rxf3 30. gxf3 Ne5 31. Bd5 b6 32. Kd2 Kc5
33. Ke3 Nxc4+ 34. Ke4 Nd2+ 35. Ke5 b5 36. h4 a5 37. h5 a4 38. f4 Nc4+ 39. Ke6
Ne3 40. Be4 Nd1 41. Kf7 Nc3 1/2-1/2

[Event "5MCR_4D_2L_1S"]
[Site "?"]
[Date "2002.??.??"]
[Round "?"]
[White "Pecka, Josef"]
[Black "Paganik, Pavel"]
[Result "1/2-1/2"]
[WhiteElo "2210"]
[BlackElo "2015"]
[PlyCount "82"]
[EventDate "2002.??.??"]
[EventType "corr"]
[SourceDate "2004.??.??"]

1. e4 c5 2. Nf3 d6 3. d4 cxd4 4. Nxd4 Nf6 5. Nc3 a6 6. Bg5 e6 7. f4 Qb6 8. Qd2
Qxb2 9. Rb1 Qa3 10. f5 Nc6 11. fxe6 fxe6 12. Nxc6 bxc6 13. e5 dxe5 14. Bxf6
gxf6 15. Ne4 Be7 16. Be2 h5 17. c4 f5 18. Rb3 Qa4 19. Nd6+ Bxd6 20. Qxd6 Qa5+
21. Kf2 Kf7 22. c5 Kf6 23. Re3 e4 24. Rf1 Ra7 25. Kg1 Rd7 26. Qf4 Qxc5 27. Kh1
h4 28. Rxe4 Rg7 29. Bc4 e5 30. Qc1 Be6 31. Rxe5 Qxe5 32. Re1 Qxe1+ 33. Qxe1 Bd5
34. Bxd5 cxd5 35. Qc3+ Kg6 36. Qc6+ Kg5 37. Qxd5 Re8 38. Qd2+ Kh5 39. Qd1+ Kh6
40. Qc1+ Kh7 41. Qd1 Kh6 1/2-1/2